000 00561cam a22001815a 4500
001 L155924
008 120423s1853 xxk f 000 0 eng d
035 _a(Sirsi) u155924
041 0 _aeng
100 1 _aLanktree, John
245 0 4 _aThe Elements of land valuation, with copious instructions as to the qualifications and duties of valuators
260 _aDublin
_b[s.n.]
_c1853
300 _aviii, 93, [1] p.
_c8o
583 _aCondition reviewed
_c20120620
_lcondition level 1
651 4 _aGreat Britain
_y1707-
690 _aValuation
_96273
942 _n0
999 _c113924
_d113924